| 000 | 00570nam a2200193 u 4500 | ||
|---|---|---|---|
| 005 | 20240910063824.0 | ||
| 008 | 100618s2007 r 000 0 eng d | ||
| 020 | _a9789507541346 | ||
| 035 | _aUPN01000176651 | ||
| 049 | _aCG | ||
| 050 | 4 |
_aPN6071 H7.27 _bC8.367 2007 |
|
| 245 | 0 |
_aCuentos de vampiros / _cpról., selec. y adaptación de Néstor Barron ; il. Fernando Molinari. |
|
| 250 | _a3a ed. | ||
| 260 |
_aBuenos Aires : _bContinente, _c2007. |
||
| 300 |
_a127 p. : _bil. |
||
| 650 | 4 |
_aCuentos de terror _92404 |
|
| 650 | 4 |
_aVAMPIROS _910177 |
|
| 905 | _aLibro | ||
| 999 |
_c148754 _d148754 |
||